ដី និង ព្រៃកម្ពុជា sols et vegetation forestiere du cambodge octobre 1994 (Record no. 9027)

000 -LEADER
fixed length control field 00541nam a22001217a 4500
040 ## - CATALOGING SOURCE
Transcribing agency HS
082 ## - DEWEY DECIMAL CLASSIFICATION NUMBER
Classification number 333
100 ## - MAIN ENTRY--AUTHOR NAME
Personal name ត្រាន​​ ថាន់កាញ់ TRAN THANH CHANH
245 ## - TITLE STATEMENT
Title ដី និង ព្រៃកម្ពុជា sols et vegetation forestiere du cambodge octobre 1994
260 ## - PUBLICATION, DISTRIBUTION, ETC. (IMPRINT)
Place of publication សមាគមមិត្តភាពអ្នកបច្ចេកទេសកសិកម្មខ្មែរ
Name of publisher នាយកដ្នាន រុក្ខាប្រមាញ់
Year of publication 1994
300 ## - PHYSICAL DESCRIPTION
Number of Pages 152p;
942 ## - ADDED ENTRY ELEMENTS (KOHA)
Koha item type សៀវភៅភាសាខ្មែរ
952 ## - LOCATION AND ITEM INFORMATION (KOHA)
Withdrawn status [LOCAL, KOHA] 0
952 ## - LOCATION AND ITEM INFORMATION (KOHA)
Withdrawn status [LOCAL, KOHA] 0
952 ## - LOCATION AND ITEM INFORMATION (KOHA)
Withdrawn status [LOCAL, KOHA] 0
952 ## - LOCATION AND ITEM INFORMATION (KOHA)
Withdrawn status [LOCAL, KOHA] 0
952 ## - LOCATION AND ITEM INFORMATION (KOHA)
Withdrawn status [LOCAL, KOHA] 0
952 ## - LOCATION AND ITEM INFORMATION (KOHA)
Withdrawn status [LOCAL, KOHA] 0
952 ## - LOCATION AND ITEM INFORMATION (KOHA)
Withdrawn status [LOCAL, KOHA] 0
Holdings
Permanent Location Date acquired Koha item type Lost status Shelving location Barcode Current Location Full call number
Library Block C2016-08-23សៀវភៅភាសាខ្មែរ C254RUA042982Library Block C600 TRA 1995 C254
Library Block C2016-08-23សៀវភៅភាសាខ្មែរ C254RUA042668Library Block C600 TRA 1995 C254
Library Block C2016-08-31សៀវភៅភាសាខ្មែរ C193RUA042963Library Block C333 TRA 1995 C193
Library Block C2016-08-31សៀវភៅភាសាខ្មែរ C193RUA061404Library Block C600​​​​ TRA 1995 C193
Library Block C2016-08-31សៀវភៅភាសាខ្មែរ C193RUA043283Library Block C600​ TRA 1995 C193
Library Block C2016-09-05សៀវភៅភាសាខ្មែរ C250RUA43735Library Block C600​​ TRA 1995 C250
Library Block C2016-09-06សៀវភៅភាសាខ្មែរ C238RUA043293Library Block C600 TRA 1995 C238
មជ្ឈមណ្ឌលឯការនៃសាកលវិទ្យាល័យភូមិន្ទកសិកម្មចំការដូង

Powered by Koha